Особенности выражения концепта будущего в политической платформе партии "Единая Россия"; Молодой ученый; № 7
| Parent link: | Молодой ученый: ежемесячный научный журнал.— , 2008- № 7.— 2015.— [С. 527-530] |
|---|---|
| Autor principal: | |
| Autor Corporativo: | |
| Otros Autores: | |
| Sumario: | Заглавие с экрана Режим доступа: по договору с организацией-держателем ресурса |
| Lenguaje: | ruso |
| Publicado: |
2015
|
| Colección: | Политолология |
| Materias: | |
| Acceso en línea: | http://www.moluch.ru/archive/87/17110/ http://elibrary.ru/item.asp?id=23287334 |
| Formato: | Electrónico Capítulo de libro |
| KOHA link: | https://koha.lib.tpu.ru/cgi-bin/koha/opac-detail.pl?biblionumber=642391 |
MARC
| LEADER | 00000nla0a2200000 4500 | ||
|---|---|---|---|
| 001 | 642391 | ||
| 005 | 20250203150016.0 | ||
| 035 | |a (RuTPU)RU\TPU\network\7348 | ||
| 035 | |a RU\TPU\network\7346 | ||
| 090 | |a 642391 | ||
| 100 | |a 20150624d2015 k||y0rusy50 ca | ||
| 101 | 0 | |a rus | |
| 102 | |a RU | ||
| 135 | |a drcn ---uucaa | ||
| 181 | 0 | |a i | |
| 182 | 0 | |a b | |
| 200 | 1 | |a Особенности выражения концепта будущего в политической платформе партии "Единая Россия" |f В. И. Давыдова, А. Э. Сенцов | |
| 203 | |a Текст |c электронный | ||
| 225 | 1 | |a Политолология | |
| 300 | |a Заглавие с экрана | ||
| 320 | |a [Библиогр.: с. 530 (6 назв.)] | ||
| 333 | |a Режим доступа: по договору с организацией-держателем ресурса | ||
| 461 | |t Молодой ученый |o ежемесячный научный журнал |d 2008- | ||
| 463 | |t № 7 |v [С. 527-530] |d 2015 | ||
| 610 | 1 | |a электронный ресурс | |
| 610 | 1 | |a труды учёных ТПУ | |
| 610 | 1 | |a концепт | |
| 610 | 1 | |a будущее | |
| 610 | 1 | |a правящие партии | |
| 610 | 1 | |a программа партии | |
| 610 | 1 | |a Единая Россия | |
| 700 | 1 | |a Давыдова |b В. И. |g Валентина Игоревна | |
| 701 | 1 | |a Сенцов |b А. Э. |c лингвист |c доцент Томского политехнического университета, кандидат политических наук |f 1983- |g Аркадий Эдуардович |3 (RuTPU)RU\TPU\pers\27933 | |
| 712 | 0 | 2 | |a Национальный исследовательский Томский политехнический университет (ТПУ) |b Институт неразрушающего контроля (ИНК) |b Кафедра иностранных языков Института неразрушающего контроля (ИЯНК) |3 (RuTPU)RU\TPU\col\18721 |
| 801 | 2 | |a RU |b 63413507 |c 20150624 |g RCR | |
| 856 | 4 | 0 | |u http://www.moluch.ru/archive/87/17110/ |
| 856 | 4 | 0 | |u http://elibrary.ru/item.asp?id=23287334 |
| 942 | |c CF | ||